<?xml version="1.0" encoding="UTF-8"?>
<record
    xmlns:xsi="http://www.w3.org/2001/XMLSchema-instance"
    xsi:schemaLocation="http://www.loc.gov/MARC21/slim http://www.loc.gov/standards/marcxml/schema/MARC21slim.xsd"
    xmlns="http://www.loc.gov/MARC21/slim">

  <leader>01057nam a2200193 a 4500</leader>
  <controlfield tag="001">23248</controlfield>
  <controlfield tag="003">CO-ViMGA</controlfield>
  <controlfield tag="008">141112s2004    ck      r     000 u spa d</controlfield>
  <datafield tag="020" ind1=" " ind2=" ">
    <subfield code="a">8467421800</subfield>
  </datafield>
  <datafield tag="040" ind1=" " ind2=" ">
    <subfield code="a">CO-ViMGA</subfield>
    <subfield code="b">spa</subfield>
    <subfield code="c">CO-ViMGA</subfield>
  </datafield>
  <datafield tag="082" ind1=" " ind2=" ">
    <subfield code="a">R036 A851</subfield>
  </datafield>
  <datafield tag="245" ind1="1" ind2="0">
    <subfield code="a">El Aula en Casa</subfield>
  </datafield>
  <datafield tag="246" ind1=" " ind2=" ">
    <subfield code="a">Biblioteca de consulta</subfield>
  </datafield>
  <datafield tag="260" ind1=" " ind2=" ">
    <subfield code="a">Colombia : </subfield>
    <subfield code="b">Planeta, </subfield>
    <subfield code="c">2005</subfield>
  </datafield>
  <datafield tag="300" ind1=" " ind2=" ">
    <subfield code="a">19 V.</subfield>
  </datafield>
  <datafield tag="505" ind1=" " ind2=" ">
    <subfield code="a">v.1. Los seres vivos : animales - v.2 Aritm&#xE9;tica y algebra - v.3 lengua y literatura - v.4 fisica y quimica - v.5 los seres vivios : plantas - v.6 Historia universal 1 - v.7 El cuerpo humano - v.8 Geograf&#xED;a de espa&#xF1;a - v.9 Geometria y estadistica - v.10 Ciencias naturales - v.11 Tecnologia e informatica - v.12 Historia Universal 2 - v.13 Geograf&#xED;a del mundo - v.14 Cultura y sociedad - v.15 El universo y la tierra - v.16 Internet y multimedia - v.17 Diccionario Espa&#xF1;ol Ingles - v.18 Diccionario Ingles Espa&#xF1;ol - v.19 Guia del estudiante</subfield>
  </datafield>
  <datafield tag="650" ind1="1" ind2="4">
    <subfield code="a">Enciclopedias infantiles y juveniles  2. Enciclopedias y diccionarios</subfield>
    <subfield code="9">5771</subfield>
  </datafield>
  <datafield tag="942" ind1=" " ind2=" ">
    <subfield code="2">ddc</subfield>
    <subfield code="c">BK</subfield>
  </datafield>
  <datafield tag="999" ind1=" " ind2=" ">
    <subfield code="c">11650</subfield>
    <subfield code="d">11650</subfield>
  </datafield>
</record>
